| 000 | 01071cam a2200253 4500 | ||
|---|---|---|---|
| 001 | 397651 | ||
| 003 | OSt | ||
| 005 | 20230619114249.0 | ||
| 008 | 721102m19729999nyua be 000 0 eng | ||
| 010 | _a 79176368 | ||
| 040 |
_aDLC _cDLC _dDLC |
||
| 050 | 0 | 0 |
_aAE5 _b.M27 |
| 082 | 0 | 0 |
_a300/.3 _2KER |
| 245 | 0 | 0 |
_aMarxism, Communism, and Western society; _ba comparative encyclopedia. _cEdited by C. D. Kernig. |
| 260 |
_a[New York] _bHerder and Herder _c[1972-73] |
||
| 300 |
_a8 v. _billus. _c27 cm. |
||
| 504 | _aIncludes bibliographies. | ||
| 505 | 0 | _av. 1. Absolutism--Civil war.--v. 2. Class, class struggle.--Disproportions.--v. 3. Distribution--Foreign policy.--v. 4. Foreign trade law--Judicial system.--v. 5. Kautsky--Munich agreement.--v. 6. National accounting--Primitive society.--v. 7. Principle--Socialist patriotism.--v. 8. Socialist realism--Zionism. | |
| 650 | 0 | _aEncyclopedias and dictionaries. | |
| 650 | 0 |
_aCommunism _xEncyclopedias. |
|
| 700 | 1 |
_aKernig, Claus Dieter, _eed. |
|
| 906 |
_a7 _bcbc _corignew _d2 _encip _f19 _gy-gencatlg |
||
| 942 |
_2ddc _cBK |
||
| 999 |
_c1255 _d1255 |
||